000
00305nam a2200121Ia 4500
100
_a
Paliouras J.D./ Meadous
942
_c
BK
654
_a
variables
245
_a
Complex variables for Scientists & Engineers 2nd edn
260
_b
Maxwell
_a
New York
_c
1991
082
_a
515.9
_b
PAN
546
_a
ENGLISH
999
_c
28603
_d
28603